|
|
|
|
| LEADER |
00000cam a2200000 i 4500 |
| 001 |
1/23404 |
| 008 |
121017s2007 gr | ||| |||| ||gre|| |
| 020 |
|
|
|a 9789608399549
|
| 035 |
|
|
|l 10113238
|
| 040 |
|
|
|a GR-MyUa
|b gre
|e AACR2
|
| 041 |
0 |
|
|a gre
|
| 082 |
7 |
|
|a 792.026
|2 (22)
|
| 100 |
1 |
|
|a Εγγονόπουλος, Νίκος,
|d 1910-1985.
|
| 245 |
1 |
3 |
|a Το σχέδιον, ή, Το χρώμα :
|b σκηνικά και κοστούμια για το θέατρο (1937-1965) /
|c Νίκος Εγγονόπουλος ; πρόλογος Κώστας Γεωργουσόπουλος ; κείμενα Μαρία Γυπαράκη.
|
| 260 |
|
|
|a Αθήνα :
|b Ίκαρος,
|c 2007.
|
| 300 |
|
|
|a 198 σ. :
|b εικ. ;
|c 25 εκ.
|
| 504 |
|
|
|a (Περιλαμβάνει βιβλιογραφίες)
|
| 600 |
1 |
0 |
|a Εγγονόπουλος, Νίκος,
|d 1910-1985
|v Exhibitions.
|
| 650 |
|
0 |
|a Theaters
|x Stage-setting and scenery
|z Greece.
|
| 650 |
|
0 |
|a Costume
|z Greece.
|
| 852 |
|
|
|a INST
|b SYROS
|e 20121017
|h 792.026 ΕΓΓ
|p 005500010467
|q 005500010467
|t BK
|y 0
|
| 901 |
|
|
|a BIBL5-2012-2
|
| 970 |
|
|
|a Κοντού
|b Παρασκευή
|z 17/10/2012
|